LEADER 00820nam0 2200277 i 450 001 996277550003316 005 20181217113430.0 010 $a978-88-13-36847-0 100 $a20181024d2018----||||0itac50 ba 101 $aeng 102 $aIT 200 1 $aFundamentals of European banking law$fMatteo De Poli 210 $aMilano$cWolters Kluwer$a[Padova]$cCEDAM$d2018 215 $aXVI, 274 p.$d24 cm 225 $aCEDAM legal studies 410 0$12001$aCEDAM legal studies 606 0 $aBanche$xDiritto comunitario$2BNCF 676 $a346.24082 700 1$aDE POLI ,$bMatteo$0475361 801 0$aIT$bsalbc$gISBD 912 $a996277550003316 951 $aXXIII.4.K. 1153$b88925 G.$cXXIII.4.K.$d425570 959 $aBK 969 $aGIU 996 $aFundamentals of European banking law$91541005 997 $aUNISA